000 01198nam a2200337 c 4500
001 60766
003 CO-BoRNBP
005 20260317221224.0
007 ta
008 210809r20072017mx a br 000 p spa d
020 _a9789681684501
040 _aCO-BoRNBP
_bspa
_erda
_cCO-BoRNBP
041 0 _aspa
084 _aP
100 1 0 _aAmara, Luigi,
_d1971-
_eaut
_963782
245 1 4 _aLas aventuras de Max y su ojo submarino :
_bpoemas /
_cde Luigi Amara ; ilustrados por Jonathan Farr.
250 _aPrimera edición
_bQuinta reimpresión
264 1 _aMéxico :
_bFondo para las Letras Mexicanas,
_c2017
300 _a61 páginas :
_bilustraciones
336 _atexto
_btxt
_2rdacontent
337 _asin mediación
_bn
_2rdamedia
338 _avolumen
_bnc
_2rdacarrier
521 _aRecomendado para un público infantil mayor de 9 años
586 _aObra ganadora del Premio Hispanoamericano de Poesía para Niños, 2006
650 1 7 _aNiños
_vPoesía
_2lemb
_963770
650 1 7 _aOjos
_vPoesía
_2lemb
_963783
650 0 7 _aPoesía infantil mexicana
_ySiglo XX
_2rnbp
_963784
650 1 7 _aLiteratura infantil mexicana
_2rnbp
_92461
700 1 0 _aFarr, Jonathan
_eill
_935868
942 _2loc
_cBKLIT
999 _c60766
_d60766